Informe de práctica supervisada en Dentalab (Registro nro. 6236)
[ vista simple ]
| 000 -LEADER | |
|---|---|
| fixed length control field | 00524nmm a22001937a 4500 |
| 005 - DATE AND TIME OF LATEST TRANSACTION | |
| control field | 20170118184722.0 |
| 008 - FIXED-LENGTH DATA ELEMENTS--GENERAL INFORMATION | |
| fixed length control field | 150612b xxu||||| |||| 00| 0 spa d |
| 041 ## - LANGUAGE CODE | |
| Language code of text/sound track or separate title | spa |
| 082 ## - DEWEY DECIMAL CLASSIFICATION NUMBER | |
| Classification number | MD 245 |
| 100 ## - MAIN ENTRY--AUTHOR NAME | |
| Personal name | Cordero Monge, Fabiola |
| 245 ## - TITLE STATEMENT | |
| Title | Informe de práctica supervisada en Dentalab |
| 260 ## - PUBLICATION, DISTRIBUTION, ETC. (IMPRINT) | |
| Year of publication | 2015 |
| 650 ## - SUBJECT ADDED ENTRY--TOPICAL TERM | |
| Topical Term | LABORATORIO DENTALAB |
| 650 ## - SUBJECT ADDED ENTRY--TOPICAL TERM | |
| Topical Term | PRÓTESIS PARCIAL REMOVIBLE |
| 650 ## - SUBJECT ADDED ENTRY--TOPICAL TERM | |
| Topical Term | CROMO COBALTO |
| 650 ## - SUBJECT ADDED ENTRY--TOPICAL TERM | |
| Topical Term | CONECTORES |
| 650 ## - SUBJECT ADDED ENTRY--TOPICAL TERM | |
| Topical Term | RETENEDORES |
| 942 ## - ADDED ENTRY ELEMENTS (KOHA) | |
| Tipo de ítem | Informe de Práctica |
| Withdrawn status | Estado | Estado físico | Not for loan | Total Checkouts | Clasificación | Número de inscripción | Date last seen | Price effective from | Tipo de ítem |
|---|---|---|---|---|---|---|---|---|---|
| MD 245 | MD245 | 10/02/2016 | 10/02/2016 | Informe de Práctica |